000
00329nam a22001457a 4500
008
210607b ||||| |||| 00| 0 eng d
020
_a
9780716737414
041
_a
eng
080
_a
574
082
_a
574
100
_a
9
101
_a
MJE
245
_a
Earth's Climate Past and Future
_c
William F. Ruddiman
942
_2
udc
_c
BK
999
_c
58031
_d
58031